MARC details
| 000 -LEADER |
| fixed length control field |
01539nam a22002537a 4500 |
| 003 - CONTROL NUMBER IDENTIFIER |
| control field |
3228 |
| 005 - DATE AND TIME OF LATEST TRANSACTION |
| control field |
20241023112026.0 |
| 008 - FIXED-LENGTH DATA ELEMENTS--GENERAL INFORMATION |
| fixed length control field |
241023b sa ||||| |||| 00| 0 eng d |
| 020 ## - INTERNATIONAL STANDARD BOOK NUMBER |
| International Standard Book Number |
9781920 289270 |
| Terms of availability |
Paperback |
| 040 ## - CATALOGING SOURCE |
| Original cataloging agency |
RDA |
| Language of cataloging |
English |
| Transcribing agency |
3228 |
| 082 ## - DEWEY DECIMAL CLASSIFICATION NUMBER |
| Classification number |
306.0968 JOYC |
| 100 ## - MAIN ENTRY--PERSONAL NAME |
| Personal name |
Joyce, Peter |
| 9 (RLIN) |
90883 |
| 245 ## - TITLE STATEMENT |
| Title |
Cultures of South Africa : |
| Remainder of title |
A celebration |
| Statement of responsibility, etc. |
Peter Joyce; Roger & Pat de la Harpe |
| 250 ## - EDITION STATEMENT |
| Edition statement |
2nd ed |
| 260 ## - PUBLICATION, DISTRIBUTION, ETC. |
| Place of publication, distribution, etc. |
Cape Town, South Africa : |
| Name of publisher, distributor, etc. |
Sunbird Publishers, |
| Date of publication, distribution, etc. |
2010. |
| 300 ## - PHYSICAL DESCRIPTION |
| Extent |
144 pages |
| Other physical details |
colour illustrations: pictures, map |
| Dimensions |
25 cm |
| 504 ## - BIBLIOGRAPHY, ETC. NOTE |
| Bibliography, etc. note |
<br/>Includes bibliographical references (page 142) and index |
| 520 ## - SUMMARY, ETC. |
| Summary, etc. |
Summary: "The features and faces of South Africa's indigenous cultures are as varied as the continent's many textures and colours. In Cultures of South Africa: a celebration author Peter Joyce and photographer Roger de la Harpe celebrate this extraordinary diversity - of tradition, custom, history and geography of the land. This spectacular, full-colour volume explores the paths that South Africans have walked over the centuries and contextualises the richness of the people and places within the cultural landscape that is the legacy of South Africa"--Publisher's description. |
| 521 ## - TARGET AUDIENCE NOTE |
| Target audience note |
Adult |
| 650 ## - SUBJECT ADDED ENTRY--TOPICAL TERM |
| Source of heading or term |
Civilization, Ethnicity, Indigenous peoples, Manners and customs, South Africa Illustrated works, Pictorial works |
| 651 ## - SUBJECT ADDED ENTRY--GEOGRAPHIC NAME |
| Geographic name |
South Africa |
| 9 (RLIN) |
116385 |
| 700 ## - ADDED ENTRY--PERSONAL NAME |
| Personal name |
Roger De la Harpe & Pat De la Harpe, Sean Fraser, Pete Bosman |
| 9 (RLIN) |
190053 |
| 942 ## - ADDED ENTRY ELEMENTS |
| Source of classification or shelving scheme |
Dewey Decimal Classification |
| item type |
Book |
| -- |
12663 |
| -- |
Priscilla Nozizwe Mogale |
| -- |
12663 |
| -- |
Priscilla Nozizwe Mogale |